[Event "Paracin Summer op-B 10th"]
[Site "Paracin"]
[Date "2017.07.11"]
[Round "6"]
[White "Arandjelovic, Aleksandar Z"]
[Black "Djuretanovic, Ivan"]
[Result "1/2-1/2"]
[WhiteElo "2092"]
[BlackElo "1974"]
[PlyCount "44"]
[EventDate "2017.07.07"]
[EventType "swiss"]
[EventRounds "9"]
[EventCountry "SRB"]
[SourceTitle "EXT 2020"]
[Source "ChessBase"]
[SourceDate "2019.10.17"]
[SourceVersion "1"]
[SourceVersionDate "2019.10.17"]
[SourceQuality "1"]

1. Nf3 g6 2. c4 Bg7 3. Nc3 d6 4. d4 Nd7 5. e4 c5 6. Be3 b6 7. Be2 e6 8. 0-0 Ne7 9. Qc2 0-0 10. Rad1 a6 11. Rd2 Qc7 12. Rfd1 Nf6 13. h3 Nc6 14. a3 e5 15. dxe5 dxe5 16. Nd5 Nxd5 17. cxd5 Nd4 18. Bxd4 exd4 19. Nxd4 Qf4 20. Nf3 f5 21. g3 Qd6 22. e5 Bxe5 1/2-1/2

[Event "Paracin Summer op-B 10th"]
[Site "Paracin"]
[Date "2017.07.08"]
[Round "3"]
[White "Djuretanovic, Ivan"]
[Black "Koljevic, Nikolina"]
[Result "1-0"]
[WhiteElo "1974"]
[BlackElo "1748"]
[PlyCount "111"]
[EventDate "2017.07.07"]
[EventType "swiss"]
[EventRounds "9"]
[EventCountry "SRB"]
[SourceTitle "EXT 2020"]
[Source "ChessBase"]
[SourceDate "2019.10.17"]
[SourceVersion "1"]
[SourceVersionDate "2019.10.17"]
[SourceQuality "1"]

1. d4 d5 2. c4 e6 3. e3 c5 4. dxc5 Bxc5 5. Nc3 Nf6 6. Nf3 Nc6 7. cxd5 exd5 8. Be2 0-0 9. 0-0 Be6 10. b3 a6 11. Bb2 Ba7 12. Ng5 Bf5 13. Bd3 Bg4 14. Qb1 h6 15. Nh7 Nxh7 16. Bxh7+ Kh8 17. h3 Be6 18. Ne2 Bb8 19. Bf5 Be5 20. Bxe5 Nxe5 21. Bxe6 fxe6 22. Nf4 Qf6 23. Qd1 Ng6 24. Nxg6+ Qxg6 25. Rc1 Rf7 26. Qd4 Qf6 27. Qg4 Raf8 28. Rc2 Qe5 29. Qb4 Qf6 30. Qb6 e5 31. Qxf6 gxf6 32. Rd1 Rd8 33. Kf1 Rfd7 34. Ke2 Kg7 35. g4 Kf7 36. f3 Ke6 37. Rdc1 Kf7 38. Rc8 Rxc8 39. Rxc8 Kg6 40. f4 exf4 41. exf4 f5 42. Kd3 fxg4 43. hxg4 Re7 44. f5+ Kf6 45. Rg8 Rh7 46. Kd4 h5 47. Rg6+ Ke7 48. gxh5 Rxh5 49. Ke5 Kd7 50. Rd6+ Kc7 51. Rxd5 Rh2 52. f6 Re2+ 53. Kf5 Kc6 54. Re5 Rf2+ 55. Ke6 Kc7 56. Ke7 1-0

[Event "SRB Central-ch op-B 9th"]
[Site "Paracin"]
[Date "2016.07.12"]
[Round "6"]
[White "Djuretanovic, Ivan"]
[Black "Vujcic, Milena"]
[Result "1-0"]
[WhiteElo "2011"]
[BlackElo "1906"]
[PlyCount "57"]
[EventDate "2016.07.07"]
[EventType "swiss"]
[EventRounds "9"]
[EventCountry "SRB"]
[SourceTitle "CBM 173 Extra"]
[Source "ChessBase"]
[SourceDate "2016.08.29"]
[SourceVersion "1"]
[SourceVersionDate "2016.08.29"]
[SourceQuality "1"]

1. d4 Nf6 2. c4 g6 3. Nc3 Bg7 4. e4 d6 5. f4 0-0 6. Bd3 c5 7. d5 e6 8. Nf3 exd5 9. cxd5 Re8 10. 0-0 a6 11. a4 Nbd7 12. Qc2 Qc7 13. b3 c4 14. bxc4 Qc5+ 15. Kh1 Ng4 16. h3 Ne3 17. Bxe3 Qxe3 18. e5 Nc5 19. Rad1 Qxf4 20. Rde1 dxe5 21. d6 e4 22. Nxe4 Nxe4 23. Bxe4 Qf6 24. c5 Bf5 25. Bxf5 Qxf5 26. Qxf5 gxf5 27. Nh4 Bf8 28. Nxf5 Rac8 29. d7 1-0

[Event "SRB Central-ch op-B 9th"]
[Site "Paracin"]
[Date "2016.07.09"]
[Round "3"]
[White "Maksimovic, Masa"]
[Black "Djuretanovic, Ivan"]
[Result "1-0"]
[WhiteElo "1854"]
[BlackElo "2011"]
[PlyCount "47"]
[EventDate "2016.07.07"]
[EventType "swiss"]
[EventRounds "9"]
[EventCountry "SRB"]
[SourceTitle "CBM 173 Extra"]
[Source "ChessBase"]
[SourceDate "2016.08.29"]
[SourceVersion "1"]
[SourceVersionDate "2016.08.29"]
[SourceQuality "1"]

1. e4 e5 2. Nf3 Nc6 3. Bb5 Nf6 4. 0-0 Nxe4 5. d4 Nd6 6. Bxc6 dxc6 7. dxe5 Nf5 8. Qxd8+ Kxd8 9. Nc3 Bc5 10. Ne4 Be7 11. Rd1+ Ke8 12. Bf4 Be6 13. Bg5 Bd5 14. Re1 b6 15. Bxe7 Kxe7 16. g4 Nh6 17. h3 Rhd8 18. Nfg5 Rh8 19. b3 Ng8 20. c4 Be6 21. Rad1 Bd7 22. Rxd7+ Kxd7 23. Nxf7 Ne7 24. Rd1+ 1-0

[Event "SRB Central-ch op-B 9th"]
[Site "Paracin"]
[Date "2016.07.08"]
[Round "2"]
[White "Djuretanovic, Ivan"]
[Black "Djokic, Mihailo"]
[Result "1-0"]
[WhiteElo "2011"]
[BlackElo "1786"]
[PlyCount "53"]
[EventDate "2016.07.07"]
[EventType "swiss"]
[EventRounds "9"]
[EventCountry "SRB"]
[SourceTitle "CBM 173 Extra"]
[Source "ChessBase"]
[SourceDate "2016.08.29"]
[SourceVersion "1"]
[SourceVersionDate "2016.08.29"]
[SourceQuality "1"]

1. e4 c5 2. Nf3 Nc6 3. c3 d5 4. Bd3 Nf6 5. e5 Ng4 6. Qe2 c4 7. Bc2 Qc7 8. Ba4 Bf5 9. Nd4 Bxb1 10. Rxb1 Ngxe5 11. 0-0 a6 12. f4 Nd7 13. d3 b5 14. Bc2 Nxd4 15. cxd4 e6 16. f5 e5 17. dxe5 Bc5+ 18. Kh1 Qxe5 19. Qg4 Nf6 20. Qxg7 Rg8 21. Bf4 Qd4 22. Rbe1+ Kd8 23. Qxf7 Ra7 24. Qe6 Re8 25. Qc6 Rxe1 26. Rxe1 Be7 27. Be3 1-0

[Event "SRB-chT2 East"]
[Site "Vrnjacka Banja"]
[Date "2015.08.30"]
[Round "5.4"]
[White "Ilic, Aleksandar"]
[Black "Djuretanovic, Ivan"]
[Result "1-0"]
[WhiteElo "2147"]
[BlackElo "2010"]
[PlyCount "65"]
[EventDate "2015.08.28"]
[EventType "team-tourn"]
[EventRounds "11"]
[EventCountry "SRB"]
[SourceTitle "EXT 2022"]
[Source "ChessBase"]
[SourceDate "2021.10.06"]
[SourceVersion "1"]
[SourceVersionDate "2021.10.06"]
[SourceQuality "1"]

1. e4 e5 2. Nf3 Nc6 3. d4 exd4 4. Bc4 Be7 5. c3 d3 6. Qb3 Na5 7. Bxf7+ Kf8 8. Qa4 Kxf7 9. Qxa5 d6 10. Qd5+ Be6 11. Qxd3 Nh6 12. 0-0 Rf8 13. Nd4 Qd7 14. Bxh6 gxh6 15. Nxe6 Qxe6 16. Qd5 c6 17. Qxe6+ Kxe6 18. Nd2 Bg5 19. Nf3 Rae8 20. Rae1 Bf4 21. g3 Bg5 22. Nd4+ Kd7 23. f4 Bf6 24. Kg2 h5 25. Kf3 h4 26. g4 h5 27. h3 Bxd4 28. cxd4 hxg4+ 29. hxg4 b5 30. Rh1 Rh8 31. g5 Re7 32. Kg4 Reh7 33. Re3 1-0

[Event "SRB-chT2 East"]
[Site "Vrnjacka Banja"]
[Date "2015.08.29"]
[Round "3.5"]
[White "Stefanovic, Vladimir"]
[Black "Djuretanovic, Ivan"]
[Result "1-0"]
[WhiteElo "2217"]
[BlackElo "2010"]
[PlyCount "65"]
[EventDate "2015.08.28"]
[EventType "team-tourn"]
[EventRounds "11"]
[EventCountry "SRB"]
[SourceTitle "EXT 2022"]
[Source "ChessBase"]
[SourceDate "2021.10.06"]
[SourceVersion "1"]
[SourceVersionDate "2021.10.06"]
[SourceQuality "1"]

1. c4 Nf6 2. g3 g6 3. Bg2 Bg7 4. Nf3 d6 5. 0-0 0-0 6. Nc3 c5 7. d4 Nbd7 8. b3 Rb8 9. Bb2 b6 10. d5 a6 11. Qc2 b5 12. Rab1 Nb6 13. Nd2 Bd7 14. e4 e5 15. dxe6 fxe6 16. e5 dxe5 17. Nce4 Qc7 18. Nxf6+ Bxf6 19. Ne4 Bg7 20. cxb5 Bxb5 21. Rfc1 c4 22. a4 Bc6 23. a5 Nd5 24. Qxc4 Rfc8 25. Bh3 Qe7 26. Qc5 Rxb3 27. Qxe7 Nxe7 28. Bxe6+ Kf8 29. Bxb3 Bxe4 30. Rxc8+ Nxc8 31. Ba3+ Ke8 32. Ba4+ Kd8 33. Rd1+ 1-0

[Event "Gligoric Cup 2nd"]
[Site "Kragujevac"]
[Date "2014.12.08"]
[Round "3.2"]
[White "Djuretanovic, Ivan"]
[Black "Roganovic, Milos"]
[Result "0-1"]
[WhiteElo "2022"]
[BlackElo "2514"]
[PlyCount "68"]
[EventDate "2014.12.06"]
[EventType "team-tourn"]
[EventRounds "9"]
[EventCountry "SRB"]
[SourceTitle "CBM 164 Extra"]
[Source "ChessBase"]
[SourceDate "2015.03.02"]
[SourceVersion "1"]
[SourceVersionDate "2015.03.02"]
[SourceQuality "1"]
[WhiteTeam "Milosevo"]
[BlackTeam "Goracici Jelica"]
[WhiteTeamCountry "SRB"]
[BlackTeamCountry "SRB"]

1. e4 c5 2. Nf3 d6 3. c3 Nf6 4. Be2 Nbd7 5. d3 b6 6. c4 g6 7. Nc3 Bg7 8. h3 0-0 9. Be3 e6 10. Qd2 d5 11. cxd5 exd5 12. exd5 Bb7 13. 0-0 Nxd5 14. Bh6 N7f6 15. Bxg7 Kxg7 16. d4 Rc8 17. dxc5 Rxc5 18. Nxd5 Qxd5 19. Qxd5 Nxd5 20. Rfc1 Rfc8 21. Rxc5 Rxc5 22. Nd4 Nf4 23. Bf1 Rd5 24. Rd1 Kf6 25. Rd2 a5 26. g3 Ne6 27. Nb3 Nc5 28. Rxd5 Bxd5 29. Nc1 g5 30. Bb5 Ke5 31. Kf1 h6 32. Ke2 Be6 33. g4 Bd5 34. f3 Kf4 0-1

[Event "SRB-chT2 East"]
[Site "Zajecar"]
[Date "2013.10.12"]
[Round "5.24"]
[White "Popovic, Djordje D"]
[Black "Djuretanovic, Ivan"]
[Result "0-1"]
[WhiteElo "2228"]
[BlackElo "2033"]
[PlyCount "161"]
[EventDate "2013.10.10"]
[EventType "team-swiss"]
[EventRounds "8"]
[EventCountry "SRB"]
[SourceTitle "EXT 2015"]
[Source "ChessBase"]
[SourceDate "2014.11.20"]
[SourceVersion "1"]
[SourceVersionDate "2014.11.20"]
[SourceQuality "1"]

1. d4 Nf6 2. c4 c5 3. d5 b5 4. cxb5 a6 5. bxa6 Bxa6 6. Nc3 d6 7. Nf3 g6 8. e4 Bxf1 9. Kxf1 Bg7 10. g3 Nbd7 11. h3 Ra6 12. Kg2 Qa8 13. Re1 0-0 14. Qc2 Rb8 15. Re2 h6 16. g4 Ne8 17. Rb1 Nc7 18. Bf4 Nb5 19. Nxb5 Rxb5 20. b3 Rb8 21. Rd1 Rb4 22. Bc1 Qc8 23. Bd2 Rb7 24. Bc3 Bxc3 25. Qxc3 f6 26. Rdd2 Rc7 27. Rc2 Kg7 28. Nd2 Rca7 29. Nc4 Ne5 30. Nxe5 fxe5 31. Qd3 Qa8 32. Qd2 g5 33. Rb2 Qf8 34. Qe3 Ra8 35. Qf3 Qf4 36. Qxf4 exf4 37. Rbc2 Kf6 38. f3 Ke5 39. Kf2 Rb6 40. Ke1 Rb4 41. Kd1 Ra3 42. Rf2 Kd4 43. Rfd2+ Ke5 44. Kc1 c4 45. Kb2 Rxa2+ 46. Kxa2 cxb3+ 47. Kb2 bxc2+ 48. Kxc2 Rc4+ 49. Kd1 Rc3 50. Ke2 Rc1 51. Kf2 Rh1 52. Kg2 Rc1 53. Kf2 Rc4 54. Ke2 Ra4 55. Ke1 Rb4 56. Ke2 Rb8 57. Ke1 Rb4 58. Ke2 Rb1 59. Kf2 Rc1 60. Ra2 Kd4 61. Ke2 Rh1 62. Ra4+ Ke5 63. Ra7 Kf6 64. Kf2 Rxh3 65. Kg2 Rh4 66. Ra8 h5 67. gxh5 Rxh5 68. Rf8+ Kg7 69. Rf5 Kg6 70. Rf8 Rh7 71. Ra8 Rg7 72. Rf8 Rf7 73. Rg8+ Kf6 74. Kh3 Rh7+ 75. Kg2 Rg7 76. Rf8+ Ke5 77. Kh3 g4+ 78. fxg4 Kxe4 79. Rf5 Kf3 80. Rh5 Rxg4 81. Rh7 0-1

[Event "SRB Central-ch op-B 6th"]
[Site "Paracin"]
[Date "2013.07.06"]
[Round "3"]
[White "Bozilov, Dragan"]
[Black "Djuretanovic, Ivan"]
[Result "1-0"]
[WhiteElo "1930"]
[BlackElo "2042"]
[PlyCount "58"]
[EventDate "2013.07.05"]
[EventType "swiss"]
[EventRounds "9"]
[EventCountry "SRB"]
[SourceTitle "CBM 155 Extra"]
[Source "ChessBase"]
[SourceDate "2013.08.26"]
[SourceVersion "1"]
[SourceVersionDate "2013.08.26"]
[SourceQuality "1"]

1. d4 Nf6 2. Nf3 d5 3. Bf4 Bf5 4. e3 Nbd7 5. Bd3 Be4 6. Bxe4 Nxe4 7. Nbd2 Ndf6 8. 0-0 e6 9. c4 Bd6 10. Bxd6 Qxd6 11. c5 Qa6 12. Qc2 0-0 13. b4 Qb5 14. a4 Qe8 15. b5 a6 16. Rfb1 axb5 17. Qb2 Rxa4 18. Rxa4 bxa4 19. Qxb7 Qa8 20. Qxc7 a3 21. Qb6 Nxd2 22. Nxd2 a2 23. Ra1 Qa3 24. Qb3 Ra8 25. Qxa3 Rxa3 26. Kf1 Kf8 27. Ke2 Ke7 28. Kd1 e5 29. Kc2 Ne4 1-0